Statistics for Footballer's (Soccer Player's) Nicknames

Click here to take the quiz!

General Stats

  • This quiz has been taken 905 times
  • The average score is 8 of 40

Answer Stats

HintAnswer% Correct
ZizouZidane
93%
The FleaMessi
60%
Super MarioBalotelli
59%
Welsh WizardGiggs
47%
WazzaRooney
46%
SukermanSuker
46%
King KennyDalglish
40%
KaiserBeckenbauer
34%
Two Meter PeterCrouch
34%
Golden BallsBeckham
32%
The Little PeaHernandez
30%
The Non-Flying DutchmanBergkamp
29%
BatigolBatistuta
28%
CashleyCole
25%
Big DuncFerguson
20%
The Baby Faced AssasinSolskjaer
19%
The Divine PonytailBaggio
18%
Black SpiderYashin
17%
PsychoPearce
15%
The Fifth BeatleBest
14%
SparkyHughes
13%
CalamityJames
11%
The Wizard Of OzKewell
8%
The Romford PeleParlour
8%
ChopperHarris
7%
The GuvnorInce
7%
SicknoteAnderton
6%
The Incredible SulkAnelka
6%
The PitbullDavids
6%
The Galloping MajorPuskas
6%
One Size (full name)Fitz Hall
5%
The DonkeyAdams
4%
The DuckPato
4%
White FeatherRavanelli
3%
The TractorZanetti
3%
Mighty MouseKeegan
2%
The Bald EagleLombardo
2%
RhinoUnsworth
1%
Dr JekyllWright
1%
El ScorpionHinguita
0%

Score Distribution

Percentile by Number Answered

Percent of People with Each Score

Your Score History

You have not taken this quiz